000 00579nam a2200229Ia 4500
003 OSt
005 20220918205610.0
006 a|||||r|||| 00| 0
007 ta
008 220917b |||||||| |||| 00| 0 eng d
024 _a117,218
037 _cTextual
040 _aARTS
_cARTS
_beng
041 _2eng
_aeng
082 _aV6:1:N5, K16 (906)
100 _aGould Peter R
_9115601
245 0 _aAfrica
_b continent of change
260 _c1961
650 _aHISTORY
942 _hV6:1:N5, K16 (906)
_cTEXL
_2CC
999 _c240506
_d240506